Three 'I' Countries Quiz Stats

 Plays Quiz Updated Oct 12, 2017

Challenge
Share
Tweet
Embed
Score 0/5 Timer 03:00
12 Plays Today
Continent Country % Correct
North AmericaDominican Republic
77.5%
North AmericaSaint Kitts and Nevis
76.4%
OceaniaKiribati
73.4%
North AmericaSaint Vincent and the Grenadines
72.8%
AsiaPhilippines
68.7%

You're not logged in!

Compare scores with friends on all Sporcle quizzes.
OR
Log In

You Might Also Like...

Show Comments

Extras

Top Quizzes Today


Score Distribution

Your Account Isn't Verified!

In order to create a playlist on Sporcle, you need to verify the email address you used during registration. Go to your Sporcle Settings to finish the process.

Report this User

Report this user for behavior that violates our Community Guidelines.

Details: